Central Library OPAC University of Rajshahi

Strategic plan for national agricultural research to the year 2000 / (Record no. 55951)

MARC details
000 -LEADER
fixed length control field 00858nam a2200205 a 4500
001 - CONTROL NUMBER
control field 55951
003 - CONTROL NUMBER IDENTIFIER
rucl marc code BD-RjUL
005 - DATE AND TIME OF LATEST TRANSACTION
control field 20211209080333.0
008 - FIXED-LENGTH DATA ELEMENTS--GENERAL INFORMATION
fixed length control field 161128s1990 bg ||||| |||| 000 0 eng d
035 ## - SYSTEM CONTROL NUMBER
System control number (BD-RjUL)56075
040 ## - CATALOGING SOURCE
Original cataloging agency BD-RjUL
Language of cataloging eng
Transcribing agency BD-RjUL
Modifying agency BD-RjUL
041 ## - LANGUAGE CODE
Language code of text/sound track or separate title eng
082 ## - DEWEY DECIMAL CLASSIFICATION NUMBER
Edition number 23
Classification number 630.7
Author mark and year BAS 1990
110 ## - MAIN ENTRY--CORPORATE NAME
Corporate name or jurisdiction name as entry element Bāṃlādeśa Kr̥shi Gabeshaṇā Kāunsila.
9 (RLIN) 167430
245 00 - TITLE STATEMENT
Title Strategic plan for national agricultural research to the year 2000 /
Statement of responsibility, etc. Bāṃlādeśa Kr̥shi Gabeshaṇā Kāunsila.
260 ## - PUBLICATION, DISTRIBUTION, ETC. (IMPRINT)
Place of publication, distribution, etc. Bangladesh :
Name of publisher, distributor, etc. Bangladesh Agricultural Research Council,
Date of publication, distribution, etc. 1990.
300 ## - PHYSICAL DESCRIPTION
Pagination vi,83 p. ;
Size 22 cm.
650 ## - SUBJECT ADDED ENTRY--TOPICAL TERM
Topical term or geographic name as entry element National agricultural research systems -- Bangladesh -- Planning.
9 (RLIN) 166550
Form subdivision Agriculture -- Research -- Bangladesh -- Planning.
General subdivision Agrarwissenschaft -- Agrarpolitik -- Prognose -- Bangladesch.
942 ## - ADDED ENTRY ELEMENTS (KOHA)
Source of classification or shelving scheme Dewey Decimal Classification
Koha item type Books
Holdings
Lost status Source of classification or shelving scheme Damaged status Not for loan Collection code Permanent Location Current Location Shelving location Date acquired Source of acquisition Total Checkouts Full call number Date last seen Copy number Koha item type
  Dewey Decimal Classification     Non-fiction Central Library, University of Rajshahi Central Library, University of Rajshahi   25/10/1995 Research council dhaka   630.7 BAS 1990 28/11/2016 C-2 Books
  Dewey Decimal Classification   Not For Loan Non-fiction Central Library, University of Rajshahi Central Library, University of Rajshahi Reading Room 25/10/1995     630.7 BAS 1990 08/04/2017 C-1 Books
  Dewey Decimal Classification     Non-fiction Central Library, University of Rajshahi Central Library, University of Rajshahi   25/10/1995 Gonathen   630.7 BAS 1990 14/06/2017 C-3 Books